FAO agricultural development paper; N76 Farm development in Japan
Gardado en:
| Formato: | Libro |
|---|---|
| Idioma: | Undetermined |
| Publicado: |
Rome
FAO
1962
|
| Những chủ đề: | |
| Các nhãn: |
Engadir etiqueta
Sen Etiquetas, Sexa o primeiro en etiquetar este rexistro!
|
| Thư viện lưu trữ: | Trung tâm Học liệu Trường Đại học Cần Thơ |
|---|
| LEADER | 00501nam a2200181Ia 4500 | ||
|---|---|---|---|
| 001 | CTU_13614 | ||
| 008 | 210402s9999 xx 000 0 und d | ||
| 082 | |a 631.952 | ||
| 082 | |b F218 | ||
| 245 | 0 | |a FAO agricultural development paper; N76 | |
| 245 | 0 | |b Farm development in Japan | |
| 245 | 0 | |c W Y Yang,FAO | |
| 260 | |a Rome | ||
| 260 | |b FAO | ||
| 260 | |c 1962 | ||
| 650 | |a farm management | ||
| 904 | |i Nguyễn Quang Điền, 961206 | ||
| 980 | |a Trung tâm Học liệu Trường Đại học Cần Thơ | ||